00794nam a2200205 a 450000100100000000500170001000800410002704000250006808200160009310000440010924500690015326000440022230000200026650000620028650000730034850400270042104900090044895201140045799900170057100002227520200930011649.0100921s1985 dr 001 0 spa d aDO-SdBNPbspacBNPHU axxxxbG984a1 aGutierrez, Manuel Esteband1955-94602410aApuntes para una secretaria moderna /cManuel Esteban Gutierrez. aSanto Domingo :bEditora Taller,c1985. a51 p. ;c21 cm. aIncluye datos biográficos del autor en la cotracubierta aIncluye referencias bibliográficas y notas al pie de las páginas aBibliografía : p. 50 aBNPD 0010718PDaPDbPDcCTd2010-09-21iLF1l0oxxxx G984ap22275-10r2020-06-25w2020-06-25yLFPDZNo se presta c21773d21773